|
|
|
|
| LEADER |
03007nam a22005415i 4500 |
| 001 |
978-3-642-32870-1 |
| 003 |
DE-He213 |
| 005 |
20151030091510.0 |
| 007 |
cr nn 008mamaa |
| 008 |
121009s2013 gw | s |||| 0|eng d |
| 020 |
|
|
|a 9783642328701
|9 978-3-642-32870-1
|
| 024 |
7 |
|
|a 10.1007/978-3-642-32870-1
|2 doi
|
| 040 |
|
|
|d GrThAP
|
| 050 |
|
4 |
|a QC173.96-174.52
|
| 072 |
|
7 |
|a PHJ
|2 bicssc
|
| 072 |
|
7 |
|a PHQ
|2 bicssc
|
| 072 |
|
7 |
|a SCI053000
|2 bisacsh
|
| 082 |
0 |
4 |
|a 535.15
|2 23
|
| 100 |
1 |
|
|a Matthews, Jonathan C.F.
|e author.
|
| 245 |
1 |
0 |
|a Multi-Photon Quantum Information Science and Technology in Integrated Optics
|h [electronic resource] /
|c by Jonathan C.F. Matthews.
|
| 264 |
|
1 |
|a Berlin, Heidelberg :
|b Springer Berlin Heidelberg :
|b Imprint: Springer,
|c 2013.
|
| 300 |
|
|
|a XVIII, 118 p.
|b online resource.
|
| 336 |
|
|
|a text
|b txt
|2 rdacontent
|
| 337 |
|
|
|a computer
|b c
|2 rdamedia
|
| 338 |
|
|
|a online resource
|b cr
|2 rdacarrier
|
| 347 |
|
|
|a text file
|b PDF
|2 rda
|
| 490 |
1 |
|
|a Springer Theses, Recognizing Outstanding Ph.D. Research,
|x 2190-5053
|
| 505 |
0 |
|
|a Background and Methods -- The Hong-Ou-Mandel effect in a waveguide directional coupler -- Multi directional-coupler circuit for quantum logic -- Quantum interference in a waveguide interferometer -- Heralded NOON state generation in waveguide -- Two photon quantum walks -- Simulating arbitrary quantum statistics with entangled photons.
|
| 520 |
|
|
|a Photons are an attractive option for testing fundamental quantum physics and developing new quantum-enhanced technology, including highly advanced computers and simulators, as well as precision sensing beyond shot-noise. Traditionally, bulk optical components have been bolted onto optical benches to realize metre-scale quantum circuits. However this approach is ultimately proving unwieldy for increasing the complexity and for scaling up to practical quantum technologies based on photons. The work presented here demonstrates a series of quantum photonic devices based on waveguide circuits embedded in miniature monolithic chips. This represents a paradigm shift in the underlying architecture of quantum optics and provides key building blocks for all-optical and hybrid quantum technologies.
|
| 650 |
|
0 |
|a Physics.
|
| 650 |
|
0 |
|a Quantum optics.
|
| 650 |
|
0 |
|a Nanoscale science.
|
| 650 |
|
0 |
|a Nanoscience.
|
| 650 |
|
0 |
|a Nanostructures.
|
| 650 |
|
0 |
|a Optics.
|
| 650 |
|
0 |
|a Optoelectronics.
|
| 650 |
|
0 |
|a Plasmons (Physics).
|
| 650 |
1 |
4 |
|a Physics.
|
| 650 |
2 |
4 |
|a Quantum Optics.
|
| 650 |
2 |
4 |
|a Optics, Optoelectronics, Plasmonics and Optical Devices.
|
| 650 |
2 |
4 |
|a Nanoscale Science and Technology.
|
| 710 |
2 |
|
|a SpringerLink (Online service)
|
| 773 |
0 |
|
|t Springer eBooks
|
| 776 |
0 |
8 |
|i Printed edition:
|z 9783642328695
|
| 830 |
|
0 |
|a Springer Theses, Recognizing Outstanding Ph.D. Research,
|x 2190-5053
|
| 856 |
4 |
0 |
|u http://dx.doi.org/10.1007/978-3-642-32870-1
|z Full Text via HEAL-Link
|
| 912 |
|
|
|a ZDB-2-PHA
|
| 950 |
|
|
|a Physics and Astronomy (Springer-11651)
|